25 Literary Fathers Quiz Stats

 Plays Quiz Updated Jun 18, 2018

Score 0/25 Timer 05:00
0 Plays Today
% Correct
Adam
89.3%
Pap Finn
88.3%
Jor-El
88.1%
Jean-Joachim Goriot
85.5%
Atticus Finch
85.1%
Fyodor Karamazov
84.8%
Vito Corleone
80.5%
Samwise Gamgee
79.4%
Gerald O'Hara
76.5%
Harry Potter
76.5%
Mr. Caulfield
76.4%
Mr. Bennet
66.8%
Carson Drew
66.1%
% Correct
Bob Cratchit
66.1%
King Lear
65.7%
Jaime Lannister
65%
Baba
58.1%
Bertrand Baudelaire
50.5%
Willy Loman
49%
Harry Wormwood
47.8%
Jack Torrance
43.4%
Edward Masen, Sr
41.8%
Prospero
40.1%
George Mole
25.9%
Mr. Emerson
19.2%

You're not logged in!

Compare scores with friends on all Sporcle quizzes.
OR
Log In

Show Comments

Extras

Top Quizzes Today


Score Distribution

Your Account Isn't Verified!

In order to create a playlist on Sporcle, you need to verify the email address you used during registration. Go to your Sporcle Settings to finish the process.

Report this User

Report this user for behavior that violates our Community Guidelines.

Details: